Österreich Logo Quiz #2 - Statistiken

Allgemein
  • Dieses Quiz wurde 34 mal gespielt
    21 seit der letzten Aktualisierung
  • Das Durchschnittsergebnis liegt bei 2 aus 10
Antwortstatistiken
Bildquiz Antwort % Korrekt
Sparkasse
95%
Swarovski
58%
Agrana
16%
Lindner
16%
Novomatic
16%
Palfinger
16%
Puntigamer
11%
Schachermayer
11%
Constantia Teich
5%
Swietelsky
0%
Keine übereinstimmenden Quizze gefunden
Verteilung der Resultate
Anzahl Personen mit jedem Resultat
Perzentil nach korrekt beantworteten Fragen
Ihre Resultats-Entwicklung
Sie haben dieses Quiz seit der letzten Aktualisierung nicht gespielt